<?xml version="1.0" encoding="UTF-8"?>
<record
    xmlns:xsi="http://www.w3.org/2001/XMLSchema-instance"
    xsi:schemaLocation="http://www.loc.gov/MARC21/slim http://www.loc.gov/standards/marcxml/schema/MARC21slim.xsd"
    xmlns="http://www.loc.gov/MARC21/slim">

  <leader>02100nam a2200541 a 4500</leader>
  <controlfield tag="005">20240802121506.0</controlfield>
  <controlfield tag="008">100504t2016||||sp a   f |||| 001 0 spa d</controlfield>
  <datafield tag="020" ind1=" " ind2=" ">
    <subfield code="a">9788428216388</subfield>
  </datafield>
  <datafield tag="041" ind1=" " ind2=" ">
    <subfield code="a">spa</subfield>
  </datafield>
  <datafield tag="092" ind1=" " ind2=" ">
    <subfield code="c">574.8</subfield>
    <subfield code="l">7</subfield>
    <subfield code="s">BIO</subfield>
  </datafield>
  <datafield tag="245" ind1=" " ind2=" ">
    <subfield code="a">Biolog&#xED;a molecular de la c&#xE9;lula /  </subfield>
    <subfield code="c">Bruce Alberts</subfield>
  </datafield>
  <datafield tag="250" ind1=" " ind2=" ">
    <subfield code="a">6a ed. en espa&#xF1;ol de la obra original en ingles</subfield>
    <subfield code="b">Traducci&#xF3;n Juan Francisco Montes Castillo ; Miquel Llobera i Sande</subfield>
  </datafield>
  <datafield tag="260" ind1=" " ind2=" ">
    <subfield code="a">Barcelona: </subfield>
    <subfield code="b">Omega;</subfield>
    <subfield code="c">2016.</subfield>
  </datafield>
  <datafield tag="300" ind1=" " ind2=" ">
    <subfield code="a">1350 p.</subfield>
    <subfield code="b">il.</subfield>
  </datafield>
  <datafield tag="500" ind1=" " ind2=" ">
    <subfield code="a">Alberts, B. et al. (2016). Biolog&#xED;a molecular de la c&#xE9;lula. (6a ed.). Barcelona : Omega.</subfield>
  </datafield>
  <datafield tag="653" ind1=" " ind2=" ">
    <subfield code="a">C&#xE9;lulas y genomas</subfield>
  </datafield>
  <datafield tag="653" ind1=" " ind2=" ">
    <subfield code="a">Qu&#xED;mica celular y bios&#xED;ntesis</subfield>
  </datafield>
  <datafield tag="653" ind1=" " ind2=" ">
    <subfield code="a">Prote&#xED;nas</subfield>
  </datafield>
  <datafield tag="653" ind1=" " ind2=" ">
    <subfield code="a">DNA, cromosomas y genomas</subfield>
  </datafield>
  <datafield tag="653" ind1=" " ind2=" ">
    <subfield code="a">Replicaci&#xF3;n, reparaci&#xF3;n y recombinaci&#xF3;n del DNA</subfield>
  </datafield>
  <datafield tag="653" ind1=" " ind2=" ">
    <subfield code="a">C&#xF3;mo leen las c&#xE9;lulas el genoma: del DNA a la prote&#xED;na</subfield>
  </datafield>
  <datafield tag="653" ind1=" " ind2=" ">
    <subfield code="a">Control de la expresi&#xF3;n g&#xE9;nica</subfield>
  </datafield>
  <datafield tag="653" ind1=" " ind2=" ">
    <subfield code="a">Analisis de las c&#xE9;lulas, m&#xF3;leculas y sistemas.</subfield>
  </datafield>
  <datafield tag="653" ind1=" " ind2=" ">
    <subfield code="a">Observar las celulas</subfield>
  </datafield>
  <datafield tag="653" ind1=" " ind2=" ">
    <subfield code="a">Estructura de la membrana</subfield>
  </datafield>
  <datafield tag="653" ind1=" " ind2=" ">
    <subfield code="a">Transporte de mol&#xE9;culas peque&#xF1;as a trav&#xE9;s de la membrana y las propiedades el&#xE9;ctricas de las membranas</subfield>
  </datafield>
  <datafield tag="653" ind1=" " ind2=" ">
    <subfield code="a">Compartimientos intracelulares y clasificaci&#xF3;n de prote&#xED;nas</subfield>
  </datafield>
  <datafield tag="653" ind1=" " ind2=" ">
    <subfield code="a">Tr&#xE1;ficode membrana intracelular</subfield>
  </datafield>
  <datafield tag="653" ind1=" " ind2=" ">
    <subfield code="a">Conversi&#xF3;n energ&#xE9;tica: mitocondrias y cloroplastos</subfield>
  </datafield>
  <datafield tag="653" ind1=" " ind2=" ">
    <subfield code="a">Se&#xF1;alizaci&#xF3;n celular</subfield>
  </datafield>
  <datafield tag="653" ind1=" " ind2=" ">
    <subfield code="a">Citoesqueleto</subfield>
  </datafield>
  <datafield tag="653" ind1=" " ind2=" ">
    <subfield code="a">Ciclo celular</subfield>
  </datafield>
  <datafield tag="653" ind1=" " ind2=" ">
    <subfield code="a">Muerte celular</subfield>
  </datafield>
  <datafield tag="653" ind1=" " ind2=" ">
    <subfield code="a">Uniones celulares y matrix extracelular</subfield>
  </datafield>
  <datafield tag="653" ind1=" " ind2=" ">
    <subfield code="a">C&#xE1;ncer</subfield>
  </datafield>
  <datafield tag="653" ind1=" " ind2=" ">
    <subfield code="a">Desarrollo de los organismos pluricelulares</subfield>
  </datafield>
  <datafield tag="653" ind1=" " ind2=" ">
    <subfield code="a">C&#xE9;lulas madre y la renovaci&#xF3;n tisular</subfield>
  </datafield>
  <datafield tag="653" ind1=" " ind2=" ">
    <subfield code="a">Pat&#xF3;genos e infecci&#xF3;n </subfield>
  </datafield>
  <datafield tag="653" ind1=" " ind2=" ">
    <subfield code="a">Sistema inmunitario innato y el adaptativo</subfield>
  </datafield>
  <datafield tag="700" ind1="1" ind2=" ">
    <subfield code="a">Alberts, Bruce</subfield>
    <subfield code="9">8</subfield>
  </datafield>
  <datafield tag="700" ind1="1" ind2=" ">
    <subfield code="a">Johnson, Alexander</subfield>
    <subfield code="9">11</subfield>
  </datafield>
  <datafield tag="700" ind1="1" ind2=" ">
    <subfield code="a">Lewis, Julian.</subfield>
    <subfield code="9">12</subfield>
  </datafield>
  <datafield tag="700" ind1="1" ind2=" ">
    <subfield code="a">Morgan, David</subfield>
    <subfield code="9">4052</subfield>
  </datafield>
  <datafield tag="700" ind1="1" ind2=" ">
    <subfield code="a">Raff, Martin.</subfield>
    <subfield code="9">13</subfield>
  </datafield>
  <datafield tag="700" ind1="1" ind2=" ">
    <subfield code="a">Roberts, Keith.</subfield>
    <subfield code="9">14</subfield>
  </datafield>
  <datafield tag="700" ind1="1" ind2=" ">
    <subfield code="a">Walter, Peter</subfield>
    <subfield code="9">15</subfield>
  </datafield>
  <datafield tag="942" ind1=" " ind2=" ">
    <subfield code="2">ddc</subfield>
    <subfield code="c">BK</subfield>
  </datafield>
  <datafield tag="999" ind1=" " ind2=" ">
    <subfield code="c">3026</subfield>
    <subfield code="d">3026</subfield>
  </datafield>
  <datafield tag="952" ind1=" " ind2=" ">
    <subfield code="0">0</subfield>
    <subfield code="1">0</subfield>
    <subfield code="2">ddc</subfield>
    <subfield code="4">0</subfield>
    <subfield code="7">0</subfield>
    <subfield code="8">NFIC</subfield>
    <subfield code="a">BFM</subfield>
    <subfield code="b">BFM</subfield>
    <subfield code="c">CR</subfield>
    <subfield code="d">2019-08-07</subfield>
    <subfield code="e">Compra UNComahue Julio 2019.</subfield>
    <subfield code="g">14300.00</subfield>
    <subfield code="l">28</subfield>
    <subfield code="m">7</subfield>
    <subfield code="o">574.8 7 BIO</subfield>
    <subfield code="p">4552</subfield>
    <subfield code="r">2025-10-08</subfield>
    <subfield code="s">2025-10-01</subfield>
    <subfield code="t">Ej. 6</subfield>
    <subfield code="w">2019-08-07</subfield>
    <subfield code="y">BK</subfield>
    <subfield code="z">Compra UNComahue Julio 2019.</subfield>
  </datafield>
  <datafield tag="952" ind1=" " ind2=" ">
    <subfield code="0">0</subfield>
    <subfield code="1">0</subfield>
    <subfield code="2">ddc</subfield>
    <subfield code="4">0</subfield>
    <subfield code="7">0</subfield>
    <subfield code="8">NFIC</subfield>
    <subfield code="a">BFM</subfield>
    <subfield code="b">BFM</subfield>
    <subfield code="c">CR</subfield>
    <subfield code="d">2019-08-07</subfield>
    <subfield code="e">Compra UNComahue Julio 2019.</subfield>
    <subfield code="g">14300.00</subfield>
    <subfield code="l">33</subfield>
    <subfield code="m">6</subfield>
    <subfield code="o">574.8 7 BIO</subfield>
    <subfield code="p">4553</subfield>
    <subfield code="r">2026-04-07</subfield>
    <subfield code="s">2026-04-01</subfield>
    <subfield code="t">Ej. 7</subfield>
    <subfield code="w">2019-08-07</subfield>
    <subfield code="y">BK</subfield>
    <subfield code="z">Compra UNComahue Julio 2019.</subfield>
  </datafield>
  <datafield tag="952" ind1=" " ind2=" ">
    <subfield code="0">0</subfield>
    <subfield code="1">0</subfield>
    <subfield code="2">ddc</subfield>
    <subfield code="4">0</subfield>
    <subfield code="7">0</subfield>
    <subfield code="8">NFIC</subfield>
    <subfield code="a">BFM</subfield>
    <subfield code="b">BFM</subfield>
    <subfield code="c">CR</subfield>
    <subfield code="d">2019-08-07</subfield>
    <subfield code="e">Compra UNComahue Julio 2019.</subfield>
    <subfield code="g">14300.00</subfield>
    <subfield code="l">32</subfield>
    <subfield code="m">6</subfield>
    <subfield code="o">574.8 7 BIO</subfield>
    <subfield code="p">4554</subfield>
    <subfield code="r">2026-04-20</subfield>
    <subfield code="s">2026-04-13</subfield>
    <subfield code="t">Ej. 8</subfield>
    <subfield code="w">2019-08-07</subfield>
    <subfield code="y">BK</subfield>
    <subfield code="z">Compra UNComahue Julio 2019.</subfield>
  </datafield>
</record>
